01345naa a22003137a 4500001001000000003000900010005001700019007000300036008003400039040005400073041000900127072002700136090001800163100001800181111009500199245009200294260003600386500013300422650002300555650002000578650002600598650003200624650002800656773013000684909003600814942001400850999001900864952014800883BR8305587BR-BrBNA20240918175349.0ta230509b bl.||||| |||| 00| 0 por d aBR-BrBNAbporcBiblioteca Nacional de Agricultura a(Pt) aP10b/G845bG848bGZ35 aP10 BR83055871 aReeve, D.A.D.1 aSeminario Internacional de Gestao de Recursos HidricoscBrasilia, DF (Brazil)d21 Mar 19831 aEstrutura de gestao de bacias inglesas e do Pais de Gales [recurso hidrico, Inglaterra]3 aBrasilia, DF (Brasil): c1983.  aAnais do Seminario Internacional de Gestao de Recursos Hidricos. v. 2 Brasilia, DF (Brasil): 1983. p. 189-208 (BR8305587-AM)P10  aBACIA HIDROGRAFICA aRECURSO HIDRICO aABASTECIMENTO DE AGUA aPLANEJAMENTO ADMINISTRATIVO aPOLITICA ADMINISTRATIVA0 tAnais do Seminario Internacional de Gestao de Recursos Hidricos. v. 2wP10 BR8305587gBrasilia, DF (Brasil), 1983. p. 189-208 a202404bLuciac55dLucia Elande cAM2AGRIS c316328d316328 002AGRIS40708Acervo Gerala41918b41918cAgrobasel0oF30 BR0001914r2024-05-20t01yAM10d2024-04-11ePortaria Interministerial nÂș 164/94